| 000 | 00667nam a2200205Ia 4500 | ||
|---|---|---|---|
| 003 | GCL | ||
| 008 | 140319s9999 xx 000 0 ara d | ||
| 020 | _a0176069960 | ||
| 040 |
_aGCL / _cGCL |
||
| 082 | 0 | 4 |
_a552.1 _bم و |
| 100 | 1 | _aممدوح عبدالغفور حسن | |
| 245 | 1 | 0 |
_aوصف الصخور النارية و المتحولة / _cممدوح عبدالغفور حسن |
| 250 | _aالاولى | ||
| 260 |
_aالرياض : _bمكتبة الملك فهد الوطنية ، _c1998 |
||
| 300 |
_a244 ص ؛ _c24 سم |
||
| 650 | 0 | 4 | _aالصخور |
| 650 | 0 | 4 | _aالصخورالنارية |
| 650 | 0 | 4 | _aالصخور - المتحولة |
| 942 |
_2ddc _cBK |
||
| 999 |
_c6996 _d6996 |
||